000 00311nam a2200109Ia 4500
008 171211s9999 xx 000 0 und d
245 _aForce: Dynamic Life Drawing for Animators
245 _cMichael D. Mattesi
260 _c2006
650 _xDrawing
856 _uhttp://down.ebook777.com/005/9780240808451.pdf
999 _c348021
_d348021